Регионална библиотека "Любен Каравелов" - Русе

Ръкавица (Запис номер 428096)

MARC детайли
000 -Лидер
Контролно поле с фиксирана дължина nam a22 a 4500
003 - Код на организацията, давaща контролен номер
Контролно поле BLK
005 - Дата и час на последна редакция
Контролно поле 20210812103630.0
008 - Елементи от данни с фиксирана дължина
fixed length control field 180409b bul|||||r ||||||| ||bul||
040 ## - Източник на каталожния запис
Идентификатор на билиотеката - собственик на записа BLK
041 ## - Код за език
Код за езика на текст/звукозапис или на отделно заглавие Български
Код за езика КДБФ Български
080 ## - УДК
Текстов определител УДК Норвежка литература
УДК код - определител по УДК 821.113.5
УДК определител -2
УДК - код + определител 821.113.5-2
100 ## - Редна дума - Автор
R(LIN) 1299
Автор Бьорнсон, Бьорнстерне
Авторска отговорност първи автор
139 ## - Редно поле
Редна дума Бьорнсон, Бьорнстерне
245 10 - Сведения за заглавието
Заглавие Ръкавица
Подзаглавни данни Драма в 3 д.
Редно поле (дума) Бьорнстерне Бьорнсон ; прев. от рус. Ек. Ст. Андрейчин
260 ## - Област на издателските данни
Година на издаване 1898
Място на издаване, разпространение и проч. София
9 (RLIN) 216610
Печатница София : Вълков
300 ## - Физическа характеристика
Страници 58, VII с.
Размери/Мащаб 21 см
380 ## - Жанр
Жанр Худож. лит.
490 ## - СЕРИИ (Колекции)
9 (RLIN) 435080
Име на серия Колекция Редки и ценни издания
700 ## - Други автори (авторска отговорност)
Лично име Андрейчин, Еким Стоянов
Автороска отговорност (Описва отношението между автора и произведението) прев. от рус.
9 (RLIN) 450236
852 ## - Местоположение
Форматна сигнатура Рб 898
Фондова буква Редки и ценни
856 4# - Електронен адрес и достъп
Електронен формат pdf - файл
856 4# - Електронен адрес и достъп
Електронен формат pdf - файл
999 ## - СИСТЕМНИ КОНТРОЛНИ НОМЕРА
Koha biblionumber 428096
Koha biblioitemnumber 428096
942 ## - АРТИКУЛИ
Вид на библиотечния материал Книги
Скрит в OPAC Не
Периодичен библиозапис Да
944 ## - СЪЗДАВАНЕ И РЕДАКЦИЯ на ЗАПИСА
Създаване/Редакция Създаване
Дата на регистрацията/редакция 2021-08-12
Служител, извършил регистрацията/редакцията НР
Наличности
Код за отписване Код за изгубен артикул Източник на класификационната схема Код за повреда Коз за рестрикции Код за отдаване Артикулен № Име на библиотеката - собственик Име на библиотеката, в която се намира в момента Статус (Текущо местоположение) Дата на вписване в системата Местоположение - отдел Цена в лева Инвентарен номер Систематично азбучна сигнатура Баркод Цена в евро Служебен тип на артикула
  Не е изгубен Universal Decimal Classification Не е повреден само за читалня Специални фондове ( старопечатни, редки и ценни, фонд М. Арнаудов) 853196 Регионална библиотека "Любен Каравелов" Русе Регионална библиотека "Любен Каравелов" Русе Редки и ценни 2021-09-20 Редки и ценни 0.05 1207 Рб 898 900000074082 0.03 Книги
Vip Innovations Ltd, Rousse, Bulgaria 2025